[Event "Mitropa Cup 2008"]
[Site "Olbia ITA"]
[Date "2008.05.25"]
[Round "1.13"]
[White "Vitoux, Colomban"]
[Black "Fodor, Tamas Jr"]
[Result "0-1"]
[PlyCount "80"]
[EventDate "2008.05.24"]
[EventType "team"]
[EventCountry "ITA"]
[Source "lmi"]
[SourceDate "2008.05.24"]
[WhiteElo "2445"]
[BlackElo "2432"]

1. e4 e5 2. d4 exd4 3. Nf3 Nc6 4. Nxd4 Bc5 5. Nf5 g6 6. Ne3 Nf6 7. Nc3 O-O 8.
Bd3 Re8 9. O-O Bf8 10. Ned5 Nxd5 11. exd5 Ne5 12. Ne4 d6 13. Bg5 Be7 14. f4
Nxd3 15. cxd3 Bf5 16. Qf3 Bxe4 17. dxe4 Bxg5 18. fxg5 Qd7 19. h4 Re5 20. Rac1
Rae8 21. Rc4 R8e7 22. Rfc1 Qc8 23. Kh2 b5 24. Rb4 Qe8 25. Kg1 a5 26. Rd4 Rxe4
27. Rxe4 Rxe4 28. Rxc7 b4 29. h5 Re1+ 30. Kf2 Re5 31. Kg1 gxh5 32. Qf6 Re1+ 33.
Kh2 Qe5+ 34. Qxe5 Rxe5 35. Rd7 Rxd5 36. Kh3 Kg7 37. b3 Kg6 38. Kh4 Rd2 39. Kg3
Kxg5 40. Rxf7 Rxa2 0-1

[Event "Mitropa Cup 2008"]
[Site "Olbia ITA"]
[Date "2008.05.25"]
[Round "1.14"]
[White "Pap, Gyula"]
[Black "Monroy, Charles"]
[Result "0-1"]
[PlyCount "55"]
[EventDate "2008.05.24"]
[EventType "team"]
[EventCountry "ITA"]
[Source "lmi"]
[SourceDate "2008.05.24"]
[WhiteElo "2451"]
[BlackElo "2399"]

1. Nf3 d6 2. c4 e5 3. Nc3 f5 4. d4 e4 5. Ng5 Be7 6. Nh3 c6 7. e3 Nf6 8. Nf4 O-O
9. h4 Na6 10. Be2 Nc7 11. d5 Nd7 12. h5 Ne5 13. Bd2 Bd7 14. Qb3 c5 15. a4 b6
16. O-O-O Rb8 17. f3 exf3 18. gxf3 a6 19. Rdg1 Qe8 20. h6 g6 21. Nh5 b5 22.
axb5 axb5 23. cxb5 Nxb5 24. Ng7 Qf7 25. Qc2 Ra8 26. f4 Ra1+ 27. Nb1 Ng4 28. Ne6
0-1